[Event "WCh Women 2018"]
[Site "Khanty-Mansiysk RUS"]
[Date "2018.11.03"]
[Round "1.1"]
[White "Hardegen, Kathryn"]
[Black "Ju, Wenjun"]
[Result "0-1"]
[WhiteTitle "WFM"]
[BlackTitle "GM"]
[WhiteElo "1832"]
[BlackElo "2568"]
[WhiteFideId "3226778"]
[BlackFideId "8603006"]
[EventDate "2018.11.03"]

1. e4 e5 2. Nf3 Nc6 3. Bb5 g6 4. d4 exd4 5. Nxd4 Bg7 6. Be3 Nf6 7. Nc3 O-O 8.
O-O Re8 9. f3 a6 10. Nxc6 bxc6 11. Ba4 Bb7 12. Qd2 d6 13. Rad1 Nd7 14. Qf2 Qe7
15. Rfe1 Rad8 16. Bb3 Bf6 17. Qf1 Nb6 18. a4 a5 19. Bf2 Qf8 20. Kh1 c5 21. Qb5
Ra8 22. Nd5 Bxd5 23. Bxd5 Nxd5 24. exd5 Reb8 25. Qd7 Rxb2 26. Qxc7 Qd8 27. Qxd8+
Rxd8 28. Rc1 Rb4 29. Re4 Rxe4 30. fxe4 Re8 31. g3 Rxe4 32. c4 Bb2 33. Rc2 Bd4
34. Bxd4 Rxd4 35. Kg2 f5 36. Kf3 Kg7 37. h3 Re4 38. g4 Kf6 39. gxf5 Kxf5 40. Rc1
g5 41. Rc2 h5 42. Rc1 g4+ 43. hxg4+ hxg4+ 44. Kf2 Ke5 45. Kg3 Kd4 46. Rb1 Kxc4
47. Rb5 Kd3 48. Rxa5 c4 49. Ra6 c3 50. Rxd6 c2 51. Rc6 Rc4 52. Rxc4 Kxc4 53. d6
c1=Q 0-1

[Event "WCh Women 2018"]
[Site "Khanty-Mansiysk RUS"]
[Date "2018.11.03"]
[Round "1.1"]
[White "Koneru, Humpy"]
[Black "Toubal, Hayat"]
[Result "1-0"]
[WhiteTitle "GM"]
[BlackTitle "WIM"]
[WhiteElo "2548"]
[BlackElo "1870"]
[WhiteFideId "5008123"]
[BlackFideId "7901631"]
[EventDate "2018.11.03"]

1. d4 d5 2. c4 e6 3. Nc3 c6 4. e3 f5 5. Bd3 Nf6 6. Nge2 Bd6 7. f3 b6 8. O-O O-O
9. b3 Ba6 10. Bb2 Qe7 11. Qd2 Bb7 12. a3 a5 13. Na4 Nbd7 14. Rfc1 Rfc8 15. Nxb6
Nxb6 16. c5 Bxh2+ 17. Kxh2 Qc7+ 18. Kg1 Nbd7 19. Bc3 h6 20. Nf4 Nf8 21. Bc2 g5
22. Nd3 Ng6 23. Ne5 Ne7 24. Kf2 Kg7 25. a4 Rf8 26. Rh1 Neg8 27. Rag1 Ne7 28. Ke1
Rh8 29. Kd1 Bc8 30. g4 fxg4 31. Nxg4 Nxg4 32. Rxg4 e5 33. Rg2 Be6 34. dxe5 Rhf8
35. Rxg5+ hxg5 36. Rh7+ Kg8 37. Qh2 Qd8 38. Rh8+ Kf7 39. Qh5+ Ng6 40. Rh7+ Ke8
41. Bxg6+ Bf7 42. Bxf7+ Kd7 43. Be6+ Kxe6 44. Qg6+ Rf6 45. exf6 Qf8 46. Re7+ 1-0

[Event "WCh Women 2018"]
[Site "Khanty-Mansiysk RUS"]
[Date "2018.11.03"]
[Round "1.1"]
[White "February, Jesse Nikki"]
[Black "Lagno, Kateryna"]
[Result "0-1"]
[WhiteTitle "WIM"]
[BlackTitle "GM"]
[WhiteElo "1922"]
[BlackElo "2556"]
[WhiteFideId "14312336"]
[BlackFideId "14109336"]
[EventDate "2018.11.03"]

1. e4 d6 2. d4 g6 3. Nc3 Bg7 4. f4 Nf6 5. e5 Nfd7 6. Nf3 c5 7. exd6 O-O 8. Be2
exd6 9. O-O Nc6 10. Kh1 Nxd4 11. Nxd4 cxd4 12. Nb5 Qb6 13. c3 dxc3 14. bxc3 a6
15. Nxd6 Bxc3 16. Nc4 Qf6 17. Rb1 Rd8 18. Ba3 Nc5 19. Qc1 Ne4 20. Bf3 Bf5 21.
Rb3 Bd2 22. Qb2 Bc3 23. Qc1 Bd2 24. Qb2 Qxb2 25. Rxb2 Rac8 26. Nb6 Rc1 27. Rxc1
Bxc1 28. Rb3 Bxa3 29. Rxa3 Rd6 30. g4 Bxg4 31. Bxe4 Rxb6 32. Rd3 Rb4 33. Bd5 b5
34. Ra3 Rxf4 35. Rxa6 Bh3 36. Bg2 Bxg2+ 37. Kxg2 Ra4 0-1

[Event "WCh Women 2018"]
[Site "Khanty-Mansiysk RUS"]
[Date "2018.11.03"]
[Round "1.1"]
[White "Muzychuk, Anna"]
[Black "Hamid, Rani"]
[Result "1-0"]
[WhiteTitle "GM"]
[BlackTitle "WIM"]
[WhiteElo "2564"]
[BlackElo "1935"]
[WhiteFideId "14111330"]
[BlackFideId "10200096"]
[EventDate "2018.11.03"]

1. e4 c5 2. Nf3 e6 3. c4 Nc6 4. Nc3 d6 5. d4 cxd4 6. Nxd4 Nf6 7. Be2 Be7 8. Be3
O-O 9. O-O Nxd4 10. Qxd4 b6 11. Rfd1 e5 12. Qd2 Bb7 13. f3 Qd7 14. a4 Ba6 15. a5
Qc7 16. axb6 axb6 17. c5 Bxe2 18. cxb6 Qb7 19. Qxe2 Nd7 20. Nd5 Bd8 21. Rxa8
Qxa8 22. Qb5 Nb8 23. b7 Qa2 24. Rc1 f5 25. exf5 h6 26. Rc8 Qb1+ 27. Qf1 Qxb2 28.
Rxb8 Qb3 29. Rc8 Qxb7 30. Qc4 Kh7 31. f6 Qb1+ 32. Qc1 Qxc1+ 33. Bxc1 g5 34. Ba3 1-0

[Event "WCh Women 2018"]
[Site "Khanty-Mansiysk RUS"]
[Date "2018.11.03"]
[Round "1.1"]
[White "Goryachkina, Aleksandra"]
[Black "Ouellet, Maili-Jade"]
[Result "1/2-1/2"]
[WhiteTitle "GM"]
[BlackTitle "WIM"]
[WhiteElo "2534"]
[BlackElo "2125"]
[WhiteFideId "4147103"]
[BlackFideId "2620472"]
[EventDate "2018.11.03"]

1. d4 d5 2. c4 e6 3. Nf3 Nf6 4. Nc3 Be7 5. Bg5 O-O 6. e3 h6 7. Bxf6 Bxf6 8. Qc2
c6 9. O-O-O Nd7 10. h4 g6 11. g4 Bg7 12. g5 h5 13. Kb1 Qa5 14. e4 dxe4 15. Nxe4
e5 16. d5 Nc5 17. Bh3 Bxh3 18. Rxh3 Rad8 19. Nf6+ Bxf6 20. gxf6 Rd6 21. Nxe5
Rxf6 22. Rg3 Re8 23. f4 cxd5 24. cxd5 Qb4 25. d6 Rd8 26. d7 Kg7 27. Rc3 Ne6 28.
Rc4 Qe7 29. Qc3 Kh7 30. Re1 Rf5 31. Rc8 Rxf4 32. Qg3 Rf6 33. Rec1 Rf5 34. Re1
Qf6 35. Rxd8 Nxd8 36. a3 Qd6 37. Qe3 Ne6 38. Qc3 f6 39. Nxg6 Kxg6 40. Qc8 Qd3+
41. Ka2 Rf1 42. Qe8+ Kh6 43. Qxe6 Rxe1 44. Qxf6+ Kh7 45. Qf7+ Kh6 46. Qf6+ 1/2-1/2

[Event "WCh Women 2018"]
[Site "Khanty-Mansiysk RUS"]
[Date "2018.11.03"]
[Round "1.1"]
[White "Wafa, Shahenda"]
[Black "Muzychuk, Mariya"]
[Result "0-1"]
[WhiteTitle "WGM"]
[BlackTitle "GM"]
[WhiteElo "2145"]
[BlackElo "2545"]
[WhiteFideId "10609962"]
[BlackFideId "14114550"]
[EventDate "2018.11.03"]

1. e4 c5 2. Nf3 Nc6 3. d4 cxd4 4. Nxd4 Nf6 5. Nc3 d6 6. Bg5 e6 7. Qd2 a6 8. f4
h6 9. Bxf6 Qxf6 10. Nf3 Be7 11. O-O-O g5 12. g3 Qg7 13. Na4 b5 14. Nb6 Rb8 15.
Nxc8 Rxc8 16. Kb1 O-O 17. fxg5 hxg5 18. g4 Rfd8 19. h4 gxh4 20. Bd3 Ne5 21. Nxh4
Bxh4 22. Rxh4 Nf3 23. Qf2 Nxh4 24. Qxh4 Kf8 25. g5 Ke8 26. Rg1 Rc5 27. a4 Kd7
28. axb5 axb5 29. Qf2 Ra8 30. e5 Qxe5 31. Qxf7+ Kc6 32. Qf3+ d5 33. Qg3 Qxg3 34.
Rxg3 Kd6 35. g6 Rg8 36. Kc1 e5 37. b4 Rc7 38. Bxb5 Rb7 39. Ba4 Rxb4 40. Bb3 Rg7
41. Kd2 Rf4 42. c3 Rf2+ 43. Kc1 e4 44. Rg5 e3 45. Rxd5+ Kc6 46. Re5 Ra7 47. Bc2
Ra2 48. Be4+ Kc7 49. Rc5+ Kb6 50. Rc6+ Kb5 51. c4+ Kb4 52. Rb6+ Kc3 0-1

[Event "WCh Women 2018"]
[Site "Khanty-Mansiysk RUS"]
[Date "2018.11.03"]
[Round "1.1"]
[White "Tan, Zhongyi"]
[Black "Sun, Fanghui"]
[Result "1-0"]
[WhiteTitle "GM"]
[BlackTitle "WIM"]
[WhiteElo "2513"]
[BlackElo "2183"]
[WhiteFideId "8603642"]
[BlackFideId "8604150"]
[EventDate "2018.11.03"]

1. Nf3 Nf6 2. g3 d5 3. Bg2 c6 4. O-O e6 5. d4 Be7 6. c4 O-O 7. Qc2 Ne4 8. Nbd2
f5 9. Ne5 Nd7 10. Ndf3 Ng5 11. b3 Nxf3+ 12. Nxf3 a5 13. Bb2 a4 14. Rad1 Nf6 15.
c5 Bd7 16. b4 b5 17. Ne5 Be8 18. f3 Qc8 19. e4 Nd7 20. Nd3 Bg5 21. Bc1 Qd8 22.
Nf4 Bxf4 23. Bxf4 Bh5 24. Bd6 Rf7 25. Rde1 Qf6 26. Qd2 h6 27. g4 Bg6 28. gxf5
Bh7 29. fxe6 Qxe6 30. exd5 Qxd5 31. f4 1-0

[Event "WCh Women 2018"]
[Site "Khanty-Mansiysk RUS"]
[Date "2018.11.03"]
[Round "1.1"]
[White "Aliaga Fernandez, Ingrid Y"]
[Black "Gunina, Valentina"]
[Result "0-1"]
[WhiteTitle "WIM"]
[BlackTitle "GM"]
[WhiteElo "2194"]
[BlackElo "2497"]
[WhiteFideId "3802191"]
[BlackFideId "4167570"]
[EventDate "2018.11.03"]

1. e4 c6 2. c4 d5 3. exd5 cxd5 4. cxd5 Nf6 5. Nc3 Nxd5 6. Nf3 Nc6 7. Bb5 g6 8.
Qa4 Nb6 9. Bxc6+ bxc6 10. Qxc6+ Bd7 11. Qe4 Bg7 12. O-O Rc8 13. d4 Bc6 14. Qe2
Bxf3 15. Qxf3 Qxd4 16. Be3 Qb4 17. Rab1 O-O 18. Qb7 e6 19. Qxa7 Nc4 20. a3 Qb3
21. Qa4 Qb7 22. Qb5 Qxb5 23. Nxb5 Nxb2 24. Rfc1 Rxc1+ 25. Rxc1 Rb8 26. Rc2 h5
27. Nd4 Bf8 28. Nc6 Rb3 29. g3 Nd3 30. Kf1 Rxa3 31. Ke2 e5 32. f3 f5 33. Bg5 Kf7
34. Nd8+ Ke8 35. Ne6 Bd6 36. Nc7+ Kd7 37. Nb5 Rb3 38. Nxd6 Kxd6 39. Rc8 Nc5 40.
Rd8+ Nd7 41. Rg8 Rb2+ 42. Ke3 Nb6 43. Rxg6+ Kd5 44. Rg8 Kc4 0-1

[Event "WCh Women 2018"]
[Site "Khanty-Mansiysk RUS"]
[Date "2018.11.03"]
[Round "1.1"]
[White "Paehtz, Elisabeth"]
[Black "Alinasab, Mobina"]
[Result "0-1"]
[WhiteTitle "IM"]
[BlackTitle "WIM"]
[WhiteElo "2495"]
[BlackElo "2236"]
[WhiteFideId "4641833"]
[BlackFideId "12528897"]
[EventDate "2018.11.03"]

1. d4 d5 2. Nf3 Nf6 3. c4 dxc4 4. Qa4+ Nc6 5. e3 Nd5 6. Qxc4 Bf5 7. a3 Qd6 8.
Nbd2 Nb6 9. Qc3 e6 10. Be2 Be7 11. O-O O-O 12. b3 Bf6 13. Bb2 Rfd8 14. Rad1 Bg6
15. h3 Qe7 16. Bb5 Rd6 17. Nc4 Nxc4 18. bxc4 a6 19. Ba4 Rdd8 20. Bc2 Bxc2 21.
Qxc2 Nb8 22. e4 Qe8 23. e5 Be7 24. d5 h6 25. Nd4 exd5 26. cxd5 Rxd5 27. Qb3 Rc5
28. Nf5 Bf8 29. a4 Nc6 30. f4 Qe6 31. Qxe6 fxe6 32. Ng3 Rc2 33. Ba1 Rd8 34. f5
exf5 35. Nxf5 Rxd1 36. Rxd1 Re2 37. Kf1 Re4 38. g4 Rxa4 39. e6 Re4 40. Rd7 Rxe6
41. Bxg7 Ne7 42. Bxf8 Kxf8 43. Rxc7 Nxf5 44. gxf5 Re7 45. Rc8+ Kg7 46. Kg2 Kf6
47. Rh8 Kg5 48. Kf3 Re5 49. h4+ Kxf5 50. Rxh6 Re6 51. Rh7 b5 52. Rb7 Kg6 53. Kf4
Kh5 54. Rb8 Rc6 55. Rh8+ Rh6 56. Rb8 Kxh4 57. Ke5 Kg3 58. Kd5 Kf3 59. Re8 Rh4
60. Re6 Ra4 61. Kc5 Rc4+ 62. Kd5 Ra4 63. Kc5 b4 64. Kc4 a5 65. Kb3 Ra3+ 66. Kb2
Re3 67. Ra6 Re5 68. Kb3 Ke3 69. Rd6 Rc5 70. Ka4 Ke4 71. Rd1 Rh5 72. Rg1 Rf5 73.
Rd1 Re5 74. Rd2 Rd5 75. Rh2 Ke3 76. Rg2 Rc5 77. Rh2 Kd3 78. Rh3+ Kc2 79. Rh5 Rc4
80. Rc5 Rc3 81. Rc8 0-1

[Event "WCh Women 2018"]
[Site "Khanty-Mansiysk RUS"]
[Date "2018.11.03"]
[Round "1.1"]
[White "Miranda Llanes, Yerisbel"]
[Black "Dzagnidze, Nana"]
[Result "0-1"]
[WhiteTitle "WIM"]
[BlackTitle "GM"]
[WhiteElo "2267"]
[BlackElo "2516"]
[WhiteFideId "3507700"]
[BlackFideId "13601903"]
[EventDate "2018.11.03"]

1. d4 Nf6 2. c4 e6 3. Nc3 Bb4 4. Nf3 O-O 5. Bg5 c5 6. Rc1 h6 7. Bxf6 Qxf6 8. e3
cxd4 9. exd4 d5 10. c5 Nc6 11. a3 Bxc3+ 12. Rxc3 e5 13. dxe5 Nxe5 14. Nd4 Nc6
15. Rd3 Nxd4 16. Rxd4 Re8+ 17. Be2 b6 18. cxb6 Rxe2+ 19. Qxe2 Qxd4 20. Qe8+ Kh7
21. O-O Qxb6 22. Re1 Qg6 23. g3 Bb7 0-1

[Event "WCh Women 2018"]
[Site "Khanty-Mansiysk RUS"]
[Date "2018.11.03"]
[Round "1.1"]
[White "Harika, Dronavalli"]
[Black "Khukhashvili, Sopiko"]
[Result "1/2-1/2"]
[WhiteTitle "GM"]
[BlackTitle "IM"]
[WhiteElo "2498"]
[BlackElo "2316"]
[WhiteFideId "5015197"]
[BlackFideId "13602055"]
[EventDate "2018.11.03"]

1. e4 c5 2. Nf3 d6 3. Bb5+ Nd7 4. O-O Nf6 5. Re1 a6 6. Bf1 Ne5 7. Nxe5 dxe5 8.
d3 Bg4 9. Be2 Bxe2 10. Qxe2 g6 11. a4 b6 12. Be3 Qc7 13. Ra3 Nd7 14. Nd2 Rc8 15.
Rea1 Bg7 16. Nc4 a5 17. c3 Ra8 18. Rb3 O-O 19. Rb5 Qc6 20. Qd1 Ra6 21. Rb1 Rfa8
22. h3 h6 23. Bd2 Kh7 24. b4 axb4 25. cxb4 Rxa4 26. bxc5 Ra1 27. Rxa1 Rxa1 28.
Qxa1 Qxb5 29. cxb6 Nxb6 30. Qb2 Qxb2 31. Nxb2 Nd7 32. Kf1 g5 33. Nc4 Nc5 34. Ke2
Ne6 35. g3 Nd4+ 36. Kf1 Nc6 37. Bc3 Kg6 38. Ke2 e6 39. Na5 Na7 40. Nc4 Nc6 41.
Kd1 h5 42. Na5 Nb8 43. Ke2 g4 44. hxg4 hxg4 45. Bb4 f6 46. Bd6 Nd7 47. Nb7 Bf8
48. Bxf8 Nxf8 49. Nc5 f5 50. Kd2 Kf6 51. Kc3 Ke7 52. d4 Kd6 53. Nb7+ Kc7 54. Na5
Nd7 55. dxe5 Nxe5 56. Nb3 Nf3 57. Kd3 Kd6 58. Ke3 Ng5 59. Nd2 Ke5 60. exf5 exf5
61. f4+ 1/2-1/2

[Event "WCh Women 2018"]
[Site "Khanty-Mansiysk RUS"]
[Date "2018.11.03"]
[Round "1.1"]
[White "Foisor, Sabina-Francesca"]
[Black "Stefanova, Antoaneta"]
[Result "1/2-1/2"]
[WhiteTitle "WGM"]
[BlackTitle "GM"]
[WhiteElo "2264"]
[BlackElo "2490"]
[WhiteFideId "1212915"]
[BlackFideId "2902257"]
[EventDate "2018.11.03"]

1. d4 d5 2. c4 e6 3. Nc3 c6 4. Nf3 dxc4 5. a4 Bb4 6. e3 b5 7. Bd2 a5 8. axb5
Bxc3 9. Bxc3 cxb5 10. b3 Bb7 11. bxc4 b4 12. Bb2 Nf6 13. Bd3 Nbd7 14. O-O O-O
15. Re1 Re8 16. h3 Ne4 17. Bxe4 Bxe4 18. Nd2 Bb7 19. f4 Qc7 20. Rf1 a4 21. d5
exd5 22. Rxa4 Rxe3 23. Rxb4 Rd3 24. Rb3 dxc4 25. Rxd3 cxd3 26. Kh2 Ra2 27. Qb3
Qc6 28. Rf3 Qa6 29. Rxd3 Nf8 30. Rg3 g6 31. Qc3 f6 32. f5 Qc6 33. fxg6 hxg6 34.
Qb3+ Qd5 35. Ne4 Qxb3 36. Nxf6+ Kf7 37. Rxb3 Ba8 38. Ng4 Nd7 39. Ra3 Rxa3 40.
Bxa3 Ke6 41. Bb2 Nc5 42. Ne5 Be4 43. g4 Nd3 44. Nxd3 1/2-1/2

[Event "WCh Women 2018"]
[Site "Khanty-Mansiysk RUS"]
[Date "2018.11.03"]
[Round "1.1"]
[White "Pogonina, Natalija"]
[Black "Kulkarni, Bhakti"]
[Result "1-0"]
[WhiteTitle "WGM"]
[BlackTitle "CM"]
[WhiteElo "2465"]
[BlackElo "2256"]
[WhiteFideId "4147855"]
[BlackFideId "5019516"]
[EventDate "2018.11.03"]

1. Nf3 d5 2. g3 c6 3. Bg2 Nf6 4. c4 Bg4 5. O-O Nbd7 6. cxd5 cxd5 7. Nc3 e6 8.
Qb3 Bxf3 9. Bxf3 Qb6 10. Qxb6 Nxb6 11. d3 a6 12. Bf4 Bc5 13. Rac1 Nfd7 14. e4 e5
15. Bd2 d4 16. Nb1 Ke7 17. Bg4 Bd6 18. Na3 Rac8 19. Ba5 Rxc1 20. Rxc1 f6 21. Kf1
Rc8 22. Rxc8 Nxc8 23. Nc4 Bc5 24. Bc7 Nd6 25. Na5 Bb4 26. Bxd6+ Kxd6 27. Nxb7+
Kc7 28. a3 Bd2 29. Bxd7 Kxb7 30. b4 Bc1 31. a4 Ba3 32. b5 a5 33. Ke2 Bb4 34. f4
Kc7 35. Be8 Kd8 36. Bc6 Bc5 37. Kf3 Ke7 38. Bd5 exf4 39. gxf4 Bd6 40. Bg8 g5 41.
Bxh7 Bc7 42. Bf5 gxf4 43. h4 Kf7 44. Ke2 Kg7 45. Bg4 Kh6 46. Kd1 Bd8 47. Kc2 f5
48. exf5 Bxh4 49. b6 Bf6 50. b7 Be5 51. Kb3 Kg5 52. Kc4 f3 53. Bxf3 Kxf5 54. Kd5
Kf6 55. Bg4 Bb8 56. Kxd4 Ke7 57. Kd5 Kd8 58. Kc6 Ke7 59. d4 Kd8 60. Kb6 Ke7 61.
Kxa5 Kd6 62. Kb6 Kd5 63. a5 1-0

[Event "WCh Women 2018"]
[Site "Khanty-Mansiysk RUS"]
[Date "2018.11.03"]
[Round "1.1"]
[White "Padmini, Rout"]
[Black "Abdumalik, Zhansaya"]
[Result "1/2-1/2"]
[WhiteTitle "IM"]
[BlackTitle "IM"]
[WhiteElo "2341"]
[BlackElo "2473"]
[WhiteFideId "5029295"]
[BlackFideId "13703544"]
[EventDate "2018.11.03"]

1. Nf3 Nf6 2. c4 c5 3. Nc3 d5 4. cxd5 Nxd5 5. e3 Nxc3 6. dxc3 Qc7 7. e4 Nc6 8.
Be3 b6 9. Nd2 Bb7 10. Qg4 g6 11. Qg3 e5 12. Bc4 Bg7 13. f4 exf4 14. Bxf4 Be5 15.
O-O O-O-O 16. Bd5 Bxf4 17. Rxf4 f5 18. Nf3 fxe4 19. Qh3+ Kb8 20. Rf7 Qd6 21.
Bxe4 h6 22. Re1 Bc8 23. Qh4 g5 24. Qf2 Rhf8 25. Rxf8 Rxf8 26. Bxc6 Qxc6 27. Ne5
Qd6 28. Qe2 Ka8 29. a4 Bb7 30. Nc4 Qd5 31. Rd1 Qc6 32. Nd6 Rd8 33. Nxb7 Rxd1+
34. Qxd1 Kxb7 1/2-1/2

[Event "WCh Women 2018"]
[Site "Khanty-Mansiysk RUS"]
[Date "2018.11.03"]
[Round "1.1"]
[White "Batsiashvili, Nino"]
[Black "Arakhamia-Grant, Ketevan"]
[Result "1-0"]
[WhiteTitle "GM"]
[BlackTitle "GM"]
[WhiteElo "2465"]
[BlackElo "2373"]
[WhiteFideId "13602993"]
[BlackFideId "13600168"]
[EventDate "2018.11.03"]

1. d4 d5 2. Nf3 Nf6 3. c4 dxc4 4. e3 Bg4 5. Bxc4 e6 6. Nbd2 Nbd7 7. h3 Bh5 8.
O-O c5 9. dxc5 Bxc5 10. a3 O-O 11. b4 Be7 12. Bb2 a5 13. b5 a4 14. Qe2 Bc5 15.
e4 Qe7 16. e5 Nd5 17. Bxd5 exd5 18. Qd3 Bg6 19. Qxd5 Nb6 20. Qa2 Rfd8 21. Rfe1
Rac8 22. Rac1 Nd5 23. Rc4 Qe6 24. Rxa4 Qb6 25. Nd4 Nf4 26. N2f3 Bd3 27. e6 fxe6
28. Nxe6 Bxf2+ 29. Kh1 Rc4 30. Rxc4 Nxe6 31. Rc6 bxc6 32. Qxe6+ 1-0

[Event "WCh Women 2018"]
[Site "Khanty-Mansiysk RUS"]
[Date "2018.11.03"]
[Round "1.1"]
[White "Zhai, Mo"]
[Black "Girya, Olga"]
[Result "1-0"]
[WhiteTitle "WGM"]
[BlackTitle "WGM"]
[WhiteElo "2352"]
[BlackElo "2481"]
[WhiteFideId "8600201"]
[BlackFideId "4195752"]
[EventDate "2018.11.03"]

1. e4 c6 2. d4 d5 3. f3 e6 4. Nc3 Bb4 5. Qd3 Ne7 6. Bf4 O-O 7. O-O-O b5 8. h4 a5
9. h5 Ba6 10. Nh3 Nd7 11. Ng5 h6 12. Nh3 c5 13. dxc5 Bxc5 14. Nxb5 e5 15. Bd2
Bxb5 16. Qxb5 Bd4 17. c3 Rb8 18. Qa4 Qc7 19. Qc2 Bc5 20. a4 Nb6 21. Bb5 Qb7 22.
exd5 Nbxd5 23. Rhe1 Qc7 24. g4 Rfd8 25. Qe4 Bd6 26. g5 hxg5 27. Nxg5 Nf6 28. Qc4
Ned5 29. Rh1 Rdc8 30. Qh4 Bf8 31. Rdg1 Rxb5 32. axb5 a4 33. Qxa4 Nb6 34. Qb3 Nc4
35. h6 Qd7 36. Rg2 g6 37. h7+ Kh8 38. Rh4 Nd6 39. Re2 Rc5 40. b6 Ra5 41. c4 Ra1+
42. Kc2 Qf5+ 43. Qd3 Qd7 44. c5 e4 45. Qd4 Bg7 46. cxd6 Ne8 47. Qxe4 Nxd6 48.
Qd5 1-0

[Event "WCh Women 2018"]
[Site "Khanty-Mansiysk RUS"]
[Date "2018.11.03"]
[Round "1.1"]
[White "Zhao, Xue"]
[Black "Lujan, Carolina"]
[Result "1-0"]
[WhiteTitle "GM"]
[BlackTitle "IM"]
[WhiteElo "2478"]
[BlackElo "2364"]
[WhiteFideId "8601283"]
[BlackFideId "109878"]
[EventDate "2018.11.03"]

1. d4 Nf6 2. c4 e6 3. g3 d5 4. Nf3 Be7 5. Bg2 O-O 6. Qc2 dxc4 7. Qxc4 a6 8. Bf4
Nd5 9. O-O Bd7 10. Nc3 Nxf4 11. gxf4 Bc6 12. Rfd1 Bd6 13. d5 exd5 14. Nxd5 Bxd5
15. Qxd5 Nc6 16. e3 Qf6 17. Ng5 Rab8 18. Qb3 Ne7 19. Ne4 Qg6 20. Nxd6 cxd6 21.
Qd3 Nf5 22. Kh1 Qh5 23. Qd5 Rbc8 24. b4 g6 25. Be4 Ng7 26. Qxh5 Nxh5 27. Bxb7
Rb8 28. Bxa6 Rxb4 29. Rxd6 Ra4 30. Rc6 Ng7 31. Bc4 Nf5 32. Bb3 Ra7 33. Rac1 Nh4
34. h3 Ra5 35. R1c5 Rfa8 36. Rxa5 Rxa5 37. Rc7 Rf5 38. a4 Nf3 39. Kg2 Nd2 40.
Ba2 Rf6 41. f3 Rb6 42. Rc2 Nb1 43. a5 Rb5 44. a6 Nc3 45. Bc4 1-0

[Event "WCh Women 2018"]
[Site "Khanty-Mansiysk RUS"]
[Date "2018.11.03"]
[Round "1.1"]
[White "Zhu, Jiner"]
[Black "Javakhishvili, Lela"]
[Result "1-0"]
[WhiteTitle "WIM"]
[BlackTitle "IM"]
[WhiteElo "2379"]
[BlackElo "2477"]
[WhiteFideId "8608059"]
[BlackFideId "13601458"]
[EventDate "2018.11.03"]

1. e4 c5 2. Nf3 Nc6 3. d4 cxd4 4. Nxd4 g6 5. c4 Nf6 6. Nc3 d6 7. Be2 Nxd4 8.
Qxd4 Bg7 9. Be3 O-O 10. Qd2 Be6 11. Rc1 a5 12. f3 a4 13. Kf2 Nd7 14. Rhd1 Nc5
15. Nd5 Kh8 16. Kg1 f5 17. exf5 gxf5 18. Nf4 Bf7 19. Qc2 Qb6 20. Qxf5 Bg8 21.
Qg4 Rxf4 22. Qxf4 Qxb2 23. Bxc5 dxc5 24. Qe4 Qxa2 25. Rb1 a3 26. Rxb7 Re8 27.
Kh1 Bf6 28. Qd3 Bf7 29. Ra7 Bb2 30. Bf1 Bg6 31. Qe3 e6 32. h4 Rg8 33. h5 Bf5 34.
Rad7 e5 35. Rd8 Be6 36. Qg5 e4 37. Rxg8+ Bxg8 38. Rd8 e3 1-0

[Event "WCh Women 2018"]
[Site "Khanty-Mansiysk RUS"]
[Date "2018.11.03"]
[Round "1.1"]
[White "Saduakassova, Dinara"]
[Black "Matnadze, Ana"]
[Result "1/2-1/2"]
[WhiteTitle "IM"]
[BlackTitle "IM"]
[WhiteElo "2474"]
[BlackElo "2372"]
[WhiteFideId "13700090"]
[BlackFideId "13601377"]
[EventDate "2018.11.03"]

1. d4 Nf6 2. c4 e6 3. Nf3 d5 4. Nc3 c6 5. Bg5 Be7 6. e3 O-O 7. Qc2 Nbd7 8. cxd5
Nxd5 9. Nxd5 Bxg5 10. h4 cxd5 11. hxg5 g6 12. Bd3 Re8 13. O-O-O e5 14. dxe5 Nxe5
15. Nxe5 Rxe5 16. Kb1 Be6 17. Qc3 d4 18. exd4 Rxg5 19. Be4 Bd5 20. Qe3 h5 21. g3
Qd7 22. Rhe1 Bxe4+ 23. Qxe4 Rd8 24. Qd3 Rd5 25. Re4 Qa4 26. Qc2 Qd7 27. a3 b5
28. Qd3 Qf5 29. f4 a5 30. Ka1 b4 31. axb4 axb4 32. Kb1 b3 33. Kc1 Rc8+ 34. Kb1
Ra8 35. Re5 Rda5 36. Rxa5 Qxa5 37. Qxb3 Qa1+ 38. Kc2 Rc8+ 39. Kd2 Qa5+ 40. Ke3
Qf5 41. d5 h4 42. d6 Re8+ 43. Kf2 Qc5+ 44. Kf3 hxg3 45. d7 Qf2+ 46. Kg4 Rd8 47.
Qxg3 Qxb2 48. Qf3 1/2-1/2

[Event "WCh Women 2018"]
[Site "Khanty-Mansiysk RUS"]
[Date "2018.11.03"]
[Round "1.1"]
[White "Vo, Thi Kim Phung"]
[Black "Khotenashvili, Bela"]
[Result "1/2-1/2"]
[WhiteTitle "WGM"]
[BlackTitle "GM"]
[WhiteElo "2354"]
[BlackElo "2477"]
[WhiteFideId "12401838"]
[BlackFideId "13602640"]
[EventDate "2018.11.03"]

1. d4 Nf6 2. c4 g6 3. Nc3 d5 4. Bg5 c5 5. Bxf6 exf6 6. cxd5 Qb6 7. e3 cxd4 8.
Qxd4 Qxd4 9. exd4 a6 10. g3 h5 11. Nf3 Bh6 12. Bg2 O-O 13. O-O Rd8 14. Rfe1 Bf5
15. Nh4 Bd3 16. Re7 g5 17. Nf3 Nd7 18. Nd2 Bf8 19. Re3 Bg6 20. Nc4 b6 21. a3
Rac8 22. b3 Bc2 23. Ne4 Bxe4 24. Bxe4 b5 25. Na5 Nb6 26. b4 Nc4 27. Nxc4 Rxc4
28. Rd1 Kg7 29. h3 Bd6 30. Bf5 Bf8 31. Be4 Bd6 32. Bf5 Kf8 33. Kg2 Kg7 34. Rdd3
a5 35. bxa5 Ra8 36. Bd7 Rxa5 37. Bc6 Rca4 38. Rb3 Rxa3 39. Rxb5 Rxb5 40. Bxb5
Rxe3 41. fxe3 f5 42. Bd7 Kg6 43. g4 fxg4 44. hxg4 h4 45. Bf5+ Kg7 46. Bd3 Kf8
47. Bf1 Ke7 48. Kf3 Bg3 49. e4 f6 50. Ke3 Kd6 51. Kd3 Bf2 52. Kc4 Bg1 1/2-1/2

[Event "WCh Women 2018"]
[Site "Khanty-Mansiysk RUS"]
[Date "2018.11.03"]
[Round "1.1"]
[White "Shvayger, Yuliya"]
[Black "Socko, Monika"]
[Result "0-1"]
[WhiteTitle "IM"]
[BlackTitle "GM"]
[WhiteElo "2389"]
[BlackElo "2463"]
[WhiteFideId "14100126"]
[BlackFideId "1106619"]
[EventDate "2018.11.03"]

1. e4 g6 2. d4 d6 3. Nc3 Bg7 4. Nf3 c6 5. a4 Nf6 6. Bc4 O-O 7. O-O d5 8. Bd3
dxe4 9. Nxe4 Nxe4 10. Bxe4 Nd7 11. c3 c5 12. Be3 Nf6 13. Bc2 cxd4 14. Bxd4 b6
15. Re1 Bb7 16. Qe2 e6 17. Be5 Qe7 18. Nd4 Rfd8 19. a5 bxa5 20. Rxa5 Rd5 21. Ra3
Nh5 22. Bxg7 Kxg7 23. Nf5+ gxf5 24. Qxh5 Qf6 25. Raa1 Rd2 26. Re2 Rad8 27. Rae1
Ba6 28. Rxd2 Rxd2 29. Rc1 h6 30. Qf3 Qg5 31. Qg3 f4 32. Qxg5+ hxg5 33. b4 Bc4
34. g3 f3 35. Be4 g4 36. h3 f5 37. Ba8 f4 38. gxf4 g3 0-1